|
|
|
|
| LEADER |
01097nam a22003132a 4500 |
| 001 |
000243490 |
| 003 |
CZ BrMZK |
| 005 |
20210930115131.0 |
| 007 |
ta |
| 008 |
950101s1989 xr f cze d |
| 015 |
|
|
|a cnb000104051
|
| 040 |
|
|
|a BOA001
|b cze
|
| 041 |
0 |
|
|a cze
|a slo
|
| 080 |
9 |
|
|a 330.342.143
|
| 080 |
9 |
|
|a 339.1
|
| 100 |
1 |
|
|a Iša, Jan,
|d 1929-2009
|7 jx20050914028
|4 aut
|
| 245 |
1 |
0 |
|a Soudobý kapitalismus III :
|b ekonomické problémy na přelomu 70. a 80. let /
|c J. Iša, M. Rumler, V. Šedivec, ... [et al.]
|
| 260 |
|
|
|a Praha :
|b Vysoká škola politická ústředního výboru KSČ,
|c 1989
|
| 300 |
|
|
|a 219 s. ;
|c 20 cm
|
| 500 |
|
|
|a Část. slovenský text
|
| 500 |
|
|
|a 600 výt.
|
| 504 |
|
|
|a Obsahuje bibliografické odkazy
|
| 700 |
1 |
|
|a Rumler, Miroslav
|7 jk01103064
|4 aut
|
| 700 |
1 |
|
|a Šedivec, Václav
|7 jk01122664
|4 aut
|
| 910 |
|
|
|a BOA001
|b 2-0940.143
|
| 964 |
|
|
|a Kapitalismus - problémy - 1970-1989 - učebnice - školy vysoké
|
| 990 |
|
|
|a BK
|
| 991 |
|
|
|b 200609
|
| 996 |
6 |
|
|b 2619872851
|c 2-0940.143
|l MZK
|r Sklad / do 1 hodiny
|n 5
|w 000243490
|u 000010
|a 1
|e BOA001
|j MZK50
|s P
|